01344cam a22003373a 4500001000500000005001700005008004100022020001800063040007200081050001500153082000800168100002400176245006800200250004500268260003500313300004200348490001900390500003200409505000800441520018300449521002000632521002000652650003000672650003400702655003000736655003100766906004500797942001500842999001500857952013400872113420230815113543.0110909s1995 nyua j 000 1 eng d a9780590543385 aEOWcEOWdOCLdBAKERdBTCTAdKZVdZHXdAU@dFMOdVYGdCGBdDLCbeng00aPZ7.B46626 aFic1 aBetancourt, Jeanne.10aRunaway pony /cJeanne Betancourt ; illustrated by Paul Bachem. aFirst Scholastic printing, November 1995 aNew York :bScholastic,c1995. a83 pages. :billustrations. ;c20 cm.1 aPony pals ;v7 a"A Little Apple paperback." aN  a"Lulu's pony, Snow White, is sick. Snow White has strangles and must be kept apart from the other ponies. But the pony does not like being alone at the Baxter farm."--Back cover. a580 bLexile  aN bRaz-Plus  0aPoniesvJuvenile fiction. 0aFriendshipvJuvenile fiction. 7aChildren's stories.2lcsh 7aYoung adult fiction.2lcsh a7bcbcccopycatd2encipf20gy-genrareb 2ddccBKn0 c1134d1134 00102ddc40708FICa001b001cTTPd2023-08-01l2oBET Fic PZ7.B46626pFIS00679r2024-03-12 13:12:51s2024-02-06w2023-08-01yBK